La resolución de los conflictos electorales: un análisis comparado

Uloženo v:
Podrobná bibliografie
Hlavní autoři: Biglino Campos, Paloma (Autor), Delgado del Rincón. Luis E (Autor)
Médium: Kniha
Jazyk:španělština
Vydáno: Madrid Centro de Estudios Políticos y Constitucionales 2010
Vydání:1a. ed
Edice:Cuadernos y Debates, 200
Témata:
Tagy: Přidat tag
Žádné tagy, Buďte první, kdo vytvoří štítek k tomuto záznamu!

MARC

LEADER 00000cam a2200000 a 4500
001 UCC0714
003 CL-VaPUC
008 170825e20100000sp |||||||||||||||||spa|d
020 |a 9788425914805 
082 0 4 |a 342.07  |b BIG  |2 21 
100 0 |a Biglino Campos, Paloma  |e author  |9 594725 
700 0 |a Delgado del Rincón. Luis E  |e author  |9 594726 
245 1 3 |a La resolución de los conflictos electorales: un análisis comparado 
250 |a 1a. ed 
300 |a 285 p 
942 |c BK 
945 |d 20170825 13:52:00  |a arojas 
260 |a Madrid  |b Centro de Estudios Políticos y Constitucionales  |c 2010 
650 0 |a Derecho electoral  |9 391229 
650 0 |a Sistemas electorales  |9 326307 
650 0 |a Elecciones  |9 254997 
583 |a last modification  |c 20170825 13:52:00  |k Rodrigo Vera 
490 0 |a Cuadernos y Debates, 200 
999 |c 369467  |d 369465 
952 |0 0  |1 0  |3 erb  |4 0  |6 342_070000000000000_BIG_2010  |7 0  |8 A  |9 485280  |a BIBDER  |b BIBDER  |i 5418739  |o 342.07 BIG 2010  |p 5418739  |r 2023-01-25  |w 2019-11-24  |y BK  |z Catalogado en:20170825  |k DER